[Event "Prostejov op"]
[Site "Prostejov"]
[Date "2023.12.30"]
[Round "6"]
[White "Hampl, Pavel"]
[Black "Zavurka, Roman"]
[Result "0-1"]
[WhiteElo "1637"]
[BlackElo "2140"]
[PlyCount "104"]
[EventDate "2023.12.28"]
[EventType "swiss"]
[EventRounds "7"]
[EventCountry "CZE"]
[SourceTitle "CB02_2024"]
[SourceDate "2024.01.10"]
[SourceVersion "1"]
[SourceVersionDate "2024.01.10"]
[SourceQuality "1"]

1. e4 b6 2. d4 Bb7 3. Nc3 e6 4. Nf3 Bb4 5. Bd3 Nf6 6. Bg5 h6 7. Bxf6 Bxc3+ 8. bxc3 Qxf6 9. 0-0 0-0 10. Qe2 d6 11. Rfb1 e5 12. a4 a5 13. d5 Nd7 14. Nd2 Qg5 15. Nc4 Nc5 16. f3 Bc8 17. Ne3 g6 18. Bb5 f5 19. exf5 gxf5 20. Nc4 Rb8 21. Nxe5 dxe5 22. Qxe5 Qg7 23. Re1 Qxe5 24. Rxe5 Bd7 25. Bxd7 Nxd7 26. Re7 Rf7 27. Re6 Kg7 28. d6 cxd6 29. Rd1 Nc5 30. Rexd6 Nxa4 31. Rc6 Rbb7 32. Rdd6 Rbc7 33. Rxh6 Rxc6 34. Rxc6 Rf6 35. Rc4 Nc5 36. Kf2 Rd6 37. Ke2 Kf6 38. g3 Rd5 39. Rh4 Rd6 40. Rh6+ Ke5 41. Rxd6 Kxd6 42. h4 a4 43. Kd2 a3 44. Kc1 Na4 45. Kb1 Nxc3+ 46. Ka1 Ke6 47. g4 f4 48. h5 Ne2 49. c3 Ng1 50. h6 Kf6 51. g5+ Kg6 52. Ka2 Nxf3 0-1

[Event "Prostejov op"]
[Site "Prostejov"]
[Date "2023.12.29"]
[Round "4"]
[White "Gnida, Patrik"]
[Black "Zavurka, Roman"]
[Result "0-1"]
[WhiteElo "2262"]
[BlackElo "2140"]
[PlyCount "135"]
[EventDate "2023.12.28"]
[EventType "swiss"]
[EventRounds "7"]
[EventCountry "CZE"]
[SourceTitle "CB02_2024"]
[SourceDate "2024.01.10"]
[SourceVersion "1"]
[SourceVersionDate "2024.01.10"]
[SourceQuality "1"]

1. e4 c6 2. Nf3 d5 3. d3 Bg4 4. h3 Bxf3 5. Qxf3 e6 6. h4 Nf6 7. h5 h6 8. Be2 Nbd7 9. Nc3 Bb4 10. 0-0 Bxc3 11. bxc3 dxe4 12. dxe4 Qa5 13. Rb1 b6 14. Qg3 0-0-0 15. Rb3 Nxe4 16. Qxg7 Qf5 17. Bg4 Qf6 18. Qxf6 Ndxf6 19. Bf3 Nd2 20. Bxd2 Rxd2 21. Rc1 Kc7 22. Ra3 a5 23. Ra4 e5 24. Kf1 e4 25. Be2 Re8 26. Ke1 Rd5 27. Rd4 Red8 28. Rcd1 c5 29. Rxd5 Nxd5 30. Bc4 Nxc3 31. Rxd8 Kxd8 32. Bxf7 Ke7 33. Bg8 b5 34. Kd2 b4 35. Ke3 Kf6 36. Kf4 a4 37. Bc4 b3 38. Bxb3 axb3 39. axb3 Ke6 40. g3 Kf6 41. g4 Nd1 42. Kxe4 Nxf2+ 43. Kd5 Nxg4 44. Kxc5 Ke6 45. b4 Nf6 46. Kd4 Nxh5 47. Ke4 Nf6+ 48. Kf4 Nd5+ 49. Kg4 Kf6 50. b5 Nb6 51. Kh5 Kg7 52. Kg4 Kg6 53. Kh4 h5 54. Kg3 Kg5 55. Kh3 h4 56. Kg2 Kg4 57. Kh2 h3 58. c4 Nxc4 59. Kg1 Kg3 60. Kh1 Nb6 61. Kg1 Nd5 62. Kh1 Nb6 63. Kg1 Na4 64. Kh1 Nc3 65. b6 Ne4 66. b7 Nf2+ 67. Kg1 h2+ 68. Kf1 0-1

[Event "CZE-chT2F 2122"]
[Site "Czech Republic"]
[Date "2022.01.30"]
[Round "7.1"]
[White "Zavurka, Roman"]
[Black "Marek, Matyas"]
[Result "1/2-1/2"]
[WhiteElo "2141"]
[BlackElo "2379"]
[PlyCount "78"]
[EventDate "2021.10.17"]
[EventType "team-tourn"]
[EventRounds "11"]
[EventCountry "CZE"]
[SourceTitle "EXT 2024"]
[Source "ChessBase"]
[SourceDate "2023.10.10"]
[SourceVersion "1"]
[SourceVersionDate "2023.10.10"]
[SourceQuality "1"]
[WhiteTeam "Prostejov"]
[BlackTeam "Dobra Sokol"]
[WhiteTeamCountry "CZE"]
[BlackTeamCountry "CZE"]

1. d4 Nf6 2. Nf3 g6 3. Bf4 Bg7 4. e3 d6 5. h3 0-0 6. Be2 Nc6 7. 0-0 Nd7 8. c3 e5 9. Bh2 h6 10. a4 f5 11. Na3 g5 12. dxe5 dxe5 13. Qd5+ Kh8 14. Rfd1 Qe7 15. Nc4 f4 16. exf4 exf4 17. Re1 Qf6 18. a5 Ne7 19. Qd1 Nc5 20. Nfe5 Bf5 21. Bf1 Ng6 22. Qd5 b6 23. axb6 cxb6 24. Nxg6+ Bxg6 25. Qf3 Rae8 26. Rxe8 Rxe8 27. Rxa7 Re1 28. Qd5 Kh7 29. Nd2 Rd1 30. b4 Qxc3 31. Ra8 h5 32. bxc5 Rxd2 33. Qxg5 Qxc5 34. Qxc5 bxc5 35. Bxf4 Rd1 36. Ra7 Kg8 37. Ra8+ Kf7 38. Ra7+ Kf6 39. Ra6+ Kf7 1/2-1/2

[Event "CZE-chT2F 2122"]
[Site "Czech Republic"]
[Date "2022.01.16"]
[Round "6.1"]
[White "Rakus, Pavel"]
[Black "Zavurka, Roman"]
[Result "1/2-1/2"]
[WhiteElo "2150"]
[BlackElo "2141"]
[PlyCount "154"]
[EventDate "2021.10.17"]
[EventType "team-tourn"]
[EventRounds "11"]
[EventCountry "CZE"]
[SourceTitle "EXT 2024"]
[Source "ChessBase"]
[SourceDate "2023.10.10"]
[SourceVersion "1"]
[SourceVersionDate "2023.10.10"]
[SourceQuality "1"]
[WhiteTeam "Dolni Benesov"]
[BlackTeam "Prostejov"]
[WhiteTeamCountry "CZE"]
[BlackTeamCountry "CZE"]

1. Nf3 d5 2. g3 c6 3. Bg2 Bf5 4. 0-0 e6 5. b3 Nf6 6. Bb2 Be7 7. d3 h6 8. Nbd2 0-0 9. Ne5 Nbd7 10. e4 Bh7 11. Qe2 Nxe5 12. Bxe5 Nd7 13. Bb2 Bf6 14. e5 Be7 15. f4 a5 16. a4 Nc5 17. Kh1 Na6 18. Nf3 c5 19. Rad1 Nb4 20. g4 d4 21. Rde1 Nd5 22. Bc1 Qd7 23. Bh3 Rfe8 24. Qg2 b5 25. axb5 a4 26. bxa4 Rxa4 27. f5 Ra1 28. Bd2 Rxe1 29. Rxe1 Ne3 30. Bxe3 dxe3 31. fxe6 fxe6 32. g5 hxg5 33. Nxg5 Bxg5 34. Qxg5 Qxb5 35. Rg1 Qd7 36. Qxe3 c4 37. dxc4 Qc6+ 38. Bg2 Qxc4 39. c3 Rf8 40. Qd4 Rf4 41. Qd8+ Rf8 42. Qd4 Rf4 43. Qd8+ Rf8 44. Qg5 Be4 45. h3 Qxc3 46. Kh2 Bf5 47. Qg3 Rc8 48. Bf3 Qd2+ 49. Rg2 Qh6 50. Bg4 Rf8 51. Bxf5 Rxf5 52. Rg1 Qf4 53. Qxf4 Rxf4 54. Rg5 Kf7 55. Kg3 Rf1 56. h4 g6 57. h5 gxh5 58. Rxh5 Kg6 59. Rh2 Kf5 60. Rf2+ Rxf2 61. Kxf2 Kf4 62. Ke2 Ke4 63. Kf2 Kxe5 64. Ke3 Kf5 65. Kf3 e5 66. Ke3 e4 67. Ke2 Kf4 68. Kf2 e3+ 69. Ke2 Ke4 70. Ke1 Kd3 71. Kd1 Kd4 72. Ke2 Ke4 73. Ke1 Kf5 74. Ke2 Kf4 75. Ke1 Kf3 76. Kf1 e2+ 77. Ke1 Ke3 1/2-1/2

[Event "Kouty nad Desnou Losin Kapor op"]
[Site "Kouty nad Desnou"]
[Date "2019.12.14"]
[Round "8"]
[White "Petran, Peter"]
[Black "Zavurka, Roman"]
[Result "1/2-1/2"]
[WhiteElo "2269"]
[BlackElo "2142"]
[PlyCount "132"]
[EventDate "2019.12.14"]
[EventType "swiss (rapid)"]
[EventRounds "9"]
[EventCountry "CZE"]
[SourceTitle "CBM 193 Extra"]
[Source "ChessBase"]
[SourceDate "2020.01.31"]
[SourceVersion "1"]
[SourceVersionDate "2020.01.31"]
[SourceQuality "1"]

1. g3 d5 2. Bg2 c6 3. Nf3 Bf5 4. d3 e6 5. Nbd2 h6 6. 0-0 Nf6 7. b3 Be7 8. Bb2 0-0 9. a3 a5 10. c4 Qb6 11. Qc2 Rd8 12. Bc3 d4 13. Bb2 c5 14. b4 axb4 15. axb4 Rxa1 16. Rxa1 cxb4 17. Nb3 Nc6 18. c5 Qc7 19. Nfxd4 Nxd4 20. Nxd4 Bxc5 21. Rc1 Rc8 22. e4 Bg6 23. Nb3 Bb6 24. Qd2 Qd7 25. Rxc8+ Qxc8 26. Bxf6 gxf6 27. Qxb4 Ba7 28. Qc4 Qd7 29. Bf1 Kg7 30. Be2 Qd6 31. Kg2 Qa3 32. Qc2 Qb4 33. h4 Qe1 34. Bf1 Bh5 35. Qd2 Qb1 36. Nc1 Bd4 37. Ne2 Bxe2 38. Qxe2 b5 39. Qg4+ Kf8 40. Qf4 Qb2 41. Qxh6+ Ke7 42. Qf4 b4 43. h5 b3 44. h6 Be5 45. Qe3 Qd4 46. Qc1 b2 47. Qb1 f5 48. exf5 exf5 49. Be2 Kf6 50. Bd1 Kg6 51. Bb3 Kxh6 52. Bxf7 Qc3 53. d4 Bxd4 54. Qxf5 Qc6+ 55. Kh2 Qf6 56. Qxf6+ Bxf6 57. Ba2 Bc3 58. f4 Kg7 59. Bb1 Bd2 60. Kg2 Kf6 61. Kf3 Kg7 62. g4 Bc1 63. g5 Bd2 64. Kg4 Bc3 65. f5 Bd4 66. Kf4 Bc3 1/2-1/2

[Event "Kouty nad Desnou Losin Kapor op"]
[Site "Kouty nad Desnou"]
[Date "2019.12.14"]
[Round "9"]
[White "Zavurka, Roman"]
[Black "Zpevak, Pavel"]
[Result "0-1"]
[WhiteElo "2142"]
[BlackElo "2346"]
[PlyCount "104"]
[EventDate "2019.12.14"]
[EventType "swiss (rapid)"]
[EventRounds "9"]
[EventCountry "CZE"]
[SourceTitle "CBM 193 Extra"]
[Source "ChessBase"]
[SourceDate "2020.01.31"]
[SourceVersion "1"]
[SourceVersionDate "2020.01.31"]
[SourceQuality "1"]

1. d4 Nf6 2. Nf3 e6 3. e3 b6 4. Bd3 Bb7 5. Nbd2 d6 6. 0-0 Nbd7 7. e4 e5 8. c3 g6 9. Qe2 Bg7 10. d5 0-0 11. Nb3 Nh5 12. Ba6 Qc8 13. Bxb7 Qxb7 14. a4 a5 15. Qb5 Ndf6 16. Re1 Qc8 17. Qc6 Qd7 18. Qxd7 Nxd7 19. c4 Nf4 20. g3 Nd3 21. Rd1 N3c5 22. Nxc5 Nxc5 23. Re1 h6 24. Ra3 f5 25. Nd2 h5 26. h3 Bh6 27. exf5 gxf5 28. Nf3 Bxc1 29. Rxc1 Kg7 30. Ng5 f4 31. gxf4 Rxf4 32. Rg3 Kh6 33. h4 Raf8 34. f3 Rxh4 35. Ne6 Nxe6 36. dxe6 Rhf4 37. Kf2 h4 38. Rh1 Re8 39. Rg2 Rxe6 40. Rg8 Rg6 41. Rh8+ Kg5 42. b3 Rgf6 43. Rg1+ Kf5 44. Rg7 e4 45. Rh5+ Ke6 46. Ke3 exf3 47. Rhh7 f2 48. Re7+ Kf5 49. Rh5+ Kg6 50. Reh7 f1Q 51. R7h6+ Kf7 52. Rh7+ Ke6 0-1

[Event "CZE-chT2E 1819"]
[Site "Czech Republic"]
[Date "2019.03.31"]
[Round "11.1"]
[White "Zavurka, Roman"]
[Black "Lanc, Alois"]
[Result "0-1"]
[WhiteElo "2125"]
[BlackElo "2292"]
[PlyCount "116"]
[EventDate "2018.10.14"]
[EventType "team-tourn"]
[EventRounds "11"]
[EventCountry "CZE"]
[SourceTitle "EXT 2022"]
[Source "ChessBase"]
[SourceDate "2021.10.06"]
[SourceVersion "1"]
[SourceVersionDate "2021.10.06"]
[SourceQuality "1"]
[WhiteTeam "Prostejov"]
[BlackTeam "Prusanky Podluzan"]
[WhiteTeamCountry "CZE"]
[BlackTeamCountry "CZE"]

1. d4 Nf6 2. Bf4 g6 3. e3 Bg7 4. h3 d6 5. Nf3 c6 6. c3 0-0 7. Be2 Nbd7 8. 0-0 Qe8 9. a4 e5 10. Bh2 Qe7 11. Na3 Ne8 12. Qb3 Kh8 13. Nc4 e4 14. Nfd2 d5 15. Na5 Ndf6 16. c4 Nd6 17. Qa3 Rd8 18. cxd5 cxd5 19. Rfc1 Nfe8 20. Rc2 Bf8 21. Rac1 Kg8 22. Qb3 Nf5 23. Bb5 Neg7 24. Rc7 Qb4 25. Qxb4 Bxb4 26. Ndb3 Ne6 27. R7c2 Kg7 28. Be5+ f6 29. Bh2 h5 30. Be2 Kh6 31. Bb5 Nfg7 32. Be2 Rf8 33. Bb5 a6 34. Nc6 axb5 35. Nxb4 bxa4 36. Nd2 Bd7 37. Nxd5 Bb5 38. Nxe4 Bd3 39. Ndxf6 Bxc2 40. Rxc2 Rfc8 41. Rxc8 Rxc8 42. Be5 g5 43. d5 Rc1+ 44. Kh2 Nc5 45. Nxc5 Rxc5 46. e4 b5 47. f3 b4 48. Nd7 Rc2 49. Nb6 a3 50. bxa3 bxa3 51. d6 Ne6 52. Nd5 a2 53. f4 gxf4 54. d7 f3 55. Nf4 Nd8 56. Bf6 Rd2 57. Nd5 Rxg2+ 58. Kh1 Rg6 0-1

[Event "CZE-chT2E 1819"]
[Site "Czech Republic"]
[Date "2018.12.02"]
[Round "4.2"]
[White "Worek, Joanna"]
[Black "Zavurka, Roman"]
[Result "1-0"]
[WhiteElo "2270"]
[BlackElo "2125"]
[PlyCount "55"]
[EventDate "2018.10.14"]
[EventType "team-tourn"]
[EventRounds "11"]
[EventCountry "CZE"]
[SourceTitle "EXT 2022"]
[Source "ChessBase"]
[SourceDate "2021.10.06"]
[SourceVersion "1"]
[SourceVersionDate "2021.10.06"]
[SourceQuality "1"]
[WhiteTeam "Kunovice"]
[BlackTeam "Prostejov"]
[WhiteTeamCountry "CZE"]
[BlackTeamCountry "CZE"]

1. d4 d6 2. e4 Nf6 3. Nc3 Nbd7 4. Nf3 e5 5. Bc4 Be7 6. 0-0 0-0 7. a4 c6 8. h3 Nxe4 9. Nxe4 d5 10. Ng3 dxc4 11. dxe5 Nc5 12. Qe2 Be6 13. Rd1 Qc7 14. Nd4 Rad8 15. Bf4 g6 16. Nxe6 Nxe6 17. Qxc4 g5 18. Bd2 Qxe5 19. Bc3 Qf4 20. Qe2 Rxd1+ 21. Rxd1 Rd8 22. Re1 Bd6 23. b3 Bc7 24. Nf1 Bb6 25. Be5 Qh4 26. Ng3 Nf4 27. Bxf4 Qxf4 28. Qe8+ 1-0

[Event "CZE-chT2E 1819"]
[Site "Czech Republic"]
[Date "2018.11.04"]
[Round "2.1"]
[White "Zavurka, Roman"]
[Black "Malinovsky, Karel"]
[Result "1/2-1/2"]
[WhiteElo "2125"]
[BlackElo "2469"]
[PlyCount "114"]
[EventDate "2018.10.14"]
[EventType "team-tourn"]
[EventRounds "11"]
[EventCountry "CZE"]
[SourceTitle "EXT 2022"]
[Source "ChessBase"]
[SourceDate "2021.10.06"]
[SourceVersion "1"]
[SourceVersionDate "2021.10.06"]
[SourceQuality "1"]
[WhiteTeam "Prostejov"]
[BlackTeam "Kromeriz Slavia II"]
[WhiteTeamCountry "CZE"]
[BlackTeamCountry "CZE"]

1. d4 Nf6 2. Nf3 d5 3. e3 e6 4. Bd3 c5 5. c3 Nc6 6. Nbd2 Bd6 7. dxc5 Bxc5 8. 0-0 0-0 9. e4 Bb6 10. Qe2 Re8 11. e5 Nd7 12. Nb3 h6 13. Bf4 f5 14. h4 Nc5 15. Nxc5 Bxc5 16. Rad1 Bd7 17. b4 Bb6 18. a3 Rc8 19. c4 Ne7 20. c5 Bc7 21. h5 b6 22. Qe3 Rf8 23. Nd4 Nc6 24. Nb5 Qh4 25. Be2 Be8 26. Nd6 Rb8 27. g3 Qe7 28. Rb1 bxc5 29. bxc5 Bd7 30. Kh2 Rxb1 31. Rxb1 Rb8 32. Rxb8+ Nxb8 33. Qb3 Bc6 34. Qb4 Qd8 35. Qd4 Nd7 36. g4 Bxd6 37. cxd6 Qb8 38. Kg2 fxg4 39. Bxg4 Nf8 40. Kh2 Qd8 41. Kg3 Qa5 42. Qb4 Qxb4 43. axb4 a6 44. Be3 Kf7 45. f4 Bb5 46. Bd1 Bd3 47. Ba4 Bb5 48. Bc2 g6 49. Kh4 Kg7 50. Bd4 Be8 51. hxg6 Nxg6+ 52. Kg3 Kf7 53. f5 exf5 54. Bxf5 Nf8 55. Be3 Bd7 56. Bxd7 Nxd7 57. Bxh6 Nxe5 1/2-1/2

[Event "CZE-chT2E 1516"]
[Site "Czech Republic"]
[Date "2016.03.13"]
[Round "9.1"]
[White "Zavurka, Roman"]
[Black "Jacko, Vladimir1111"]
[Result "0-1"]
[WhiteElo "2164"]
[BlackElo "2321"]
[PlyCount "64"]
[EventDate "2015.10.18"]
[EventType "team-tourn"]
[EventRounds "11"]
[EventCountry "CZE"]
[SourceTitle "EXT 2022"]
[Source "ChessBase"]
[SourceDate "2021.10.06"]
[SourceVersion "1"]
[SourceVersionDate "2021.10.06"]
[SourceQuality "1"]
[WhiteTeam "Prostejov"]
[BlackTeam "Orechov"]
[WhiteTeamCountry "CZE"]
[BlackTeamCountry "CZE"]

1. d4 Nf6 2. Nf3 g6 3. Bf4 Bg7 4. e3 d6 5. h3 0-0 6. Be2 Nfd7 7. 0-0 e5 8. Bh2 Nc6 9. c3 f5 10. dxe5 dxe5 11. Nbd2 Qe7 12. Nc4 Kh8 13. a4 Nb6 14. a5 Nxc4 15. Bxc4 e4 16. Nd4 Ne5 17. Qb3 a6 18. Be6 c5 19. Bxc8 Raxc8 20. Bxe5 Bxe5 21. Ne2 g5 22. Qc4 Bb8 23. Rfd1 f4 24. exf4 gxf4 25. Ra4 Rce8 26. Re1 f3 27. Ng3 Bxg3 28. Rxe4 Be5 29. g3 Qd6 30. Rg4 Qd1+ 31. Kh2 Qe1 32. Qxc5 Qf1 0-1

[Event "CZE-chT2E 1516"]
[Site "Czech Republic"]
[Date "2015.10.18"]
[Round "1.1"]
[White "Buchnicek, Petr"]
[Black "Zavurka, Roman"]
[Result "1-0"]
[WhiteElo "2312"]
[BlackElo "2164"]
[PlyCount "101"]
[EventDate "2015.10.18"]
[EventType "team-tourn"]
[EventRounds "11"]
[EventCountry "CZE"]
[SourceTitle "EXT 2022"]
[Source "ChessBase"]
[SourceDate "2021.10.06"]
[SourceVersion "1"]
[SourceVersionDate "2021.10.06"]
[SourceQuality "1"]
[WhiteTeam "Dalesice Pivovar"]
[BlackTeam "Prostejov"]
[WhiteTeamCountry "CZE"]
[BlackTeamCountry "CZE"]

1. e4 c6 2. d4 d5 3. e5 Bf5 4. Nf3 e6 5. Be2 c5 6. c3 Nc6 7. 0-0 Qb6 8. dxc5 Bxc5 9. b4 Be7 10. Be3 Qc7 11. b5 Na5 12. b6 axb6 13. Qa4+ Kf8 14. c4 dxc4 15. Nbd2 Bc5 16. Nxc4 Ne7 17. Rac1 Qc6 18. Qd1 Nxc4 19. Rxc4 Nd5 20. Bxc5+ bxc5 21. Nd4 cxd4 22. Rxc6 bxc6 23. Qxd4 g5 24. Bc4 Kg7 25. Qc5 Rhe8 26. Bb3 Bd3 27. Rd1 Bb5 28. g3 h6 29. Rd4 Be2 30. h3 Reb8 31. Qc2 Bh5 32. h4 Bf3 33. Qc1 c5 34. Rc4 g4 35. h5 Nb4 36. Qf4 Nxa2 37. Qf6+ Kg8 38. Rf4 Rb7 39. Kh2 Nc3 40. Bxe6 fxe6 41. Qxe6+ Kh8 42. Qxh6+ Kg8 43. Qe6+ Kh8 44. Qf6+ Kg8 45. Rxf3 gxf3 46. Qxf3 Rab8 47. Qxc3 Rc7 48. e6 c4 49. Qe5 Rcc8 50. h6 Rb7 51. e7 1-0

[Event "CZE-chT2E 1314"]
[Site "Czech Republic"]
[Date "2014.03.23"]
[Round "10.2"]
[White "Zavurka, Roman"]
[Black "Brazdil, Roman"]
[Result "1/2-1/2"]
[WhiteElo "2169"]
[BlackElo "2095"]
[PlyCount "119"]
[EventDate "2013.11.03"]
[EventType "team-tourn"]
[EventRounds "11"]
[EventCountry "CZE"]
[SourceTitle "EXT 2016"]
[Source "ChessBase"]
[SourceDate "2015.10.08"]
[SourceVersion "1"]
[SourceVersionDate "2015.10.08"]
[SourceQuality "1"]
[WhiteTeam "Prostejov"]
[BlackTeam "Postoupky"]
[WhiteTeamCountry "CZE"]
[BlackTeamCountry "CZE"]

1. d4 Nf6 2. Nf3 d5 3. e3 Bg4 4. c4 e6 5. Qb3 Qc8 6. Ne5 Bf5 7. Nc3 c6 8. f3 Nbd7 9. g4 Bg6 10. h4 h5 11. Nxg6 fxg6 12. g5 Ng8 13. cxd5 exd5 14. Bd3 Ne7 15. Qc2 Kf7 16. Bd2 c5 17. 0-0-0 cxd4 18. exd4 Nb6 19. Kb1 Nf5 20. Rc1 Bd6 21. Qd1 Qd7 22. Bb5 Qd8 23. Ne2 Rc8 24. Qb3 Rxc1+ 25. Bxc1 Qc7 26. Bd3 Qd7 27. Bd2 Rc8 28. Bb5 Qe7 29. Re1 Nc4 30. Bxc4 dxc4 31. Qb5 Kg8 32. Ng3 Qf7 33. Nxf5 Qxf5+ 34. Qxf5 gxf5 35. g6 Bg3 36. Rg1 Bxh4 37. Rh1 Bf2 38. Rxh5 Rc6 39. d5 Rxg6 40. Rxf5 b5 41. Kc2 Rf6 42. Rxf6 gxf6 43. a4 a6 44. axb5 axb5 45. b3 cxb3+ 46. Kxb3 Bc5 47. Bb4 Bb6 48. Bc3 Bc5 49. Bxf6 Kf7 50. Bc3 Kg6 51. Bb4 Bb6 52. Bd6 Ba5 53. Bb8 Kf5 54. f4 Be1 55. Be5 Ba5 56. Bb8 Be1 57. d6 Ke6 58. Kc2 Bg3 59. f5+ Kd7 60. Kb3 1/2-1/2

[Event "CZE-chT2E 1314"]
[Site "Czech Republic"]
[Date "2013.11.17"]
[Round "2.2"]
[White "Zavurka, Roman"]
[Black "Kratochvil, Josef"]
[Result "0-1"]
[WhiteElo "2169"]
[BlackElo "2233"]
[PlyCount "78"]
[EventDate "2013.11.03"]
[EventType "team-tourn"]
[EventRounds "11"]
[EventCountry "CZE"]
[SourceTitle "EXT 2016"]
[Source "ChessBase"]
[SourceDate "2015.10.08"]
[SourceVersion "1"]
[SourceVersionDate "2015.10.08"]
[SourceQuality "1"]
[WhiteTeam "Prostejov"]
[BlackTeam "Lipovec Garde"]
[WhiteTeamCountry "CZE"]
[BlackTeamCountry "CZE"]

1. d4 g6 2. Nf3 Bg7 3. Bf4 d6 4. e3 Nd7 5. h3 e5 6. Bh2 Qe7 7. Be2 Nh6 8. 0-0 0-0 9. c3 f5 10. a4 Nf7 11. Na3 g5 12. dxe5 dxe5 13. Nc4 h5 14. Nfd2 g4 15. hxg4 hxg4 16. e4 Nf6 17. exf5 Bxf5 18. Ne3 Qd7 19. Ndc4 Rae8 20. Nxf5 Qxf5 21. Ne3 Qg5 22. Qc2 Nd6 23. Rad1 Kh8 24. Nd5 Nxd5 25. Rxd5 Re6 26. Qd1 Rg6 27. f4 gxf3 28. Bxf3 Qe3+ 29. Kh1 Rh6 30. Qd2 Qxd2 31. Rxd2 Ne4 32. Rdd1 Ng3+ 33. Kg1 Nxf1 34. Rxf1 e4 35. Be2 Rxf1+ 36. Bxf1 Rb6 37. b4 Bxc3 38. b5 Bd4+ 39. Kh1 Rh6 0-1

[Event "Olomouc op"]
[Site "Olomouc"]
[Date "2012.08.04"]
[Round "3"]
[White "Gagarin, Vasilij"]
[Black "Zavurka, Roman"]
[Result "1-0"]
[WhiteElo "2372"]
[BlackElo "2156"]
[PlyCount "97"]
[EventDate "2012.08.02"]
[EventType "swiss"]
[EventRounds "9"]
[EventCountry "CZE"]
[SourceTitle "CBM 149 Extra"]
[Source "ChessBase"]
[SourceDate "2012.08.24"]
[SourceVersion "1"]
[SourceVersionDate "2012.08.24"]
[SourceQuality "1"]

1. e4 b6 2. d4 Bb7 3. Bd3 Nf6 4. Qe2 Nc6 5. c3 e5 6. Nf3 d6 7. 0-0 Be7 8. d5 Nb8 9. c4 Nbd7 10. Nc3 0-0 11. h3 Nc5 12. Bc2 a5 13. Be3 Bc8 14. b3 Ne8 15. a3 g6 16. b4 Na6 17. c5 bxc5 18. bxc5 f5 19. cxd6 cxd6 20. Rab1 Bf6 21. Ba4 Qe7 22. Bc6 Rb8 23. Rxb8 Nxb8 24. Qb5 Nxc6 25. dxc6 fxe4 26. Nxe4 Bg7 27. Nfd2 Nf6 28. Qxa5 Bf5 29. Qb4 Rc8 30. Rc1 Nxe4 31. Nxe4 Bxe4 32. Qxe4 Qf7 33. Qg4 Qf5 34. c7 d5 35. a4 d4 36. Bd2 Qxg4 37. hxg4 Kf7 38. Ba5 Ke6 39. Bb6 d3 40. Kf1 e4 41. a5 Be5 42. Ke1 Kd7 43. a6 Bd6 44. a7 h5 45. gxh5 gxh5 46. Kd1 h4 47. Rc4 e3 48. Bxe3 Bxc7 49. Bf4 1-0

[Event "CZE-chT2E 1011"]
[Site "Czech Republic"]
[Date "2010.12.05"]
[Round "4.1"]
[White "Docekal, Jan"]
[Black "Zavurka, Roman"]
[Result "1-0"]
[WhiteElo "2268"]
[BlackElo "2179"]
[PlyCount "89"]
[EventDate "2010.10.17"]
[EventType "team-tourn"]
[EventRounds "11"]
[EventCountry "CZE"]
[SourceTitle "EXT 2012"]
[Source "ChessBase"]
[SourceDate "2011.11.24"]
[SourceVersion "1"]
[SourceVersionDate "2011.11.24"]
[SourceQuality "1"]
[WhiteTeam "Znojmo"]
[BlackTeam "Prostejov"]
[WhiteTeamCountry "CZE"]
[BlackTeamCountry "CZE"]

1. e4 b6 2. d4 Bb7 3. Bd3 Nf6 4. Qe2 Nc6 5. c3 e5 6. d5 Ne7 7. Nf3 Ng6 8. g3 c6 9. c4 Bb4+ 10. Kf1 0-0 11. a3 Be7 12. h4 h5 13. Nc3 a6 14. Kg2 b5 15. Rd1 Qe8 16. Bg5 Ng4 17. Nh2 Nxh2 18. Bxe7 Nxe7 19. Kxh2 bxc4 20. Bxc4 g6 21. d6 Nc8 22. Na4 Rb8 23. Rd2 Qd8 24. Nc5 Nb6 25. Ba2 a5 26. Qe3 Qf6 27. Re1 Bc8 28. Qc3 Ra8 29. Re3 a4 30. Rf3 Qg7 31. Nd3 Kh7 32. Nxe5 Ba6 33. Bxf7 Nc4 34. Nxc4 Rxf7 35. Qxg7+ Rxg7 36. Nb6 Re8 37. Nxa4 Rxe4 38. Nc5 Re2 39. Rxe2 Bxe2 40. Re3 Bg4 41. a4 Rg8 42. Re7+ Kh8 43. Nxd7 Rd8 44. Nf6 Rxd6 45. Rh7# 1-0

[Event "CZE-chT2E 1011"]
[Site "Czech Republic"]
[Date "2010.11.07"]
[Round "2.1"]
[White "Sojka, Ales"]
[Black "Zavurka, Roman"]
[Result "0-1"]
[WhiteElo "2146"]
[BlackElo "2179"]
[PlyCount "62"]
[EventDate "2010.10.17"]
[EventType "team-tourn"]
[EventRounds "11"]
[EventCountry "CZE"]
[SourceTitle "EXT 2012"]
[Source "ChessBase"]
[SourceDate "2011.11.24"]
[SourceVersion "1"]
[SourceVersionDate "2011.11.24"]
[SourceQuality "1"]
[WhiteTeam "Holesov"]
[BlackTeam "Prostejov"]
[WhiteTeamCountry "CZE"]
[BlackTeamCountry "CZE"]

1. e4 b6 2. d4 Bb7 3. Nc3 e6 4. Nf3 Bb4 5. Bd3 Nf6 6. Qe2 d5 7. exd5 Bxc3+ 8. bxc3 Qxd5 9. c4 Qh5 10. Bf4 c5 11. d5 0-0 12. g4 Qxg4 13. Be5 Nbd7 14. Rg1 Qh5 15. 0-0-0 Nxe5 16. Nxe5 Qxe2 17. Bxe2 exd5 18. cxd5 Bxd5 19. c4 Be4 20. Rd6 Bg6 21. Nxg6 hxg6 22. Bf3 Rad8 23. Rgd1 Rxd6 24. Rxd6 Re8 25. Kd2 Kf8 26. Rc6 Rd8+ 27. Kc3 Ke7 28. a4 Kd7 29. a5 Rb8 30. Bd5 Ng8 31. axb6 axb6 0-1

[Event "CZE-chT2E 1011"]
[Site "Czech Republic"]
[Date "2010.10.17"]
[Round "1.1"]
[White "Zavurka, Roman"]
[Black "Plachetka, Jan"]
[Result "1/2-1/2"]
[WhiteElo "2179"]
[BlackElo "2345"]
[PlyCount "107"]
[EventDate "2010.10.17"]
[EventType "team-tourn"]
[EventRounds "11"]
[EventCountry "CZE"]
[SourceTitle "EXT 2012"]
[Source "ChessBase"]
[SourceDate "2011.11.24"]
[SourceVersion "1"]
[SourceVersionDate "2011.11.24"]
[SourceQuality "1"]
[WhiteTeam "Prostejov"]
[BlackTeam "Hustopece"]
[WhiteTeamCountry "CZE"]
[BlackTeamCountry "CZE"]

1. d4 Nf6 2. Nf3 g6 3. Bf4 c5 4. c3 b6 5. e3 Bg7 6. h3 0-0 7. Be2 Bb7 8. 0-0 d6 9. a4 a6 10. Qb3 Nbd7 11. Rd1 Qc7 12. d5 b5 13. axb5 axb5 14. Rxa8 Rxa8 15. Bxb5 Ra1 16. c4 Ne4 17. Nc3 Rxd1+ 18. Nxd1 Ndf6 19. Qa4 Qb6 20. Ng5 Nxg5 21. Bxg5 h6 22. Bf4 Kh7 23. f3 Nh5 24. Bh2 Bf6 25. g4 Ng7 26. Bg3 e6 27. e4 Bd4+ 28. Kg2 f5 29. Be1 fxe4 30. fxe4 exd5 31. Ba5 Qa7 32. exd5 Bc8 33. Bc3 Qe7 34. Qc2 Qe5 35. Nf2 h5 36. Qe4 Bxc3 37. bxc3 Qg5 38. Qf3 hxg4 39. hxg4 Nf5 40. Qh3+ Kg7 41. Kg1 Ne3 42. Ne4 Qf4 43. Nxd6 Bxg4 44. Ne8+ Kg8 45. Nf6+ Kg7 46. Ne8+ Kg8 47. Nf6+ Kf7 48. Nxg4 Nxg4 49. Qf1 Qxf1+ 50. Kxf1 Kf6 51. Ke2 Ke5 52. Kf3 Nf6 53. Ba4 Ne4 54. Bc2 1/2-1/2